01078 2200301 4500001002100000005001500021035002500036007000300061008004100064020002200105040001700127041000800144082001600152084001800168090002200186090002200208111004700230245016900277260005300446300004200499500010200541504002500643650003000668850001200698999002200710990002200732990002200754INLIS00000000003388220200622122156 a0010-021800000000608ta180221s2014 yoia g t 1 0 ind d a978-602-14272-1-7 aYOPDYOGbind0 aind04223a621.381 a621.381 SEM p aDEP 621.381 SEM p aCB-D.11 2014-25942 aSeminar Nasional TeknoincYogyakartad20140 aProsiding seminar nasional teknoin 2014 peningkatan daya saing industri nasional berkelanjutan berbasis riset : bidang teknik elektro 22 November 2014 di Yogyakarta3 aYogyakarta :bUniversitas Islam Indonesia,c2014 avii, 96 halaman :bilustrasi ;c30 cm aDiterbitkan bekerjasama dengan Fakultas Teknologi Industri Universitas Islam Indonesia Yogyakarta aTermasuk Bibliografi 4aElektronika--xPenelitian aYOPDYOG aCB-D.11/2014-2594 aCB-D.11/2014-2594 aCB-D.11/2014-2594